| 000 | 00772nam a2200241Ia 4500 | ||
|---|---|---|---|
| 003 | OSt | ||
| 005 | 20221005081444.0 | ||
| 006 | a|||||r|||| 00| 0 | ||
| 007 | ta | ||
| 008 | 221004b |||||||| |||| 00| 0 eng d | ||
| 020 |
_a9788124607220 (hbk) _c400 |
||
| 024 | _a9218 | ||
| 037 |
_b332, 08/02/2014, Eastern Book Linkers _cTextual |
||
| 040 |
_aCRL _cCRL _beng |
||
| 041 |
_2eng _aeng |
||
| 082 | _aO15:gx1,1:g, 111Q4 | ||
| 100 | _aTripathi Radhavallabh Ed. | ||
| 245 | 0 | _aNatyasastra in the modern world | |
| 260 |
_aNew Delhi _bRashtriya Sanskrit Sansthan India _c2014 |
||
| 300 |
_aviii, 159p. _ccm. |
||
| 942 |
_hO15:gx1,1:g, 111Q4 _cTEXL _2cc |
||
| 999 |
_c987756 _d987756 |
||